[Event "World Chess Olympiad 2018"]
[Site "Batumi"]
[Date "2018.09.24"]
[Round "1"]
[Board "4"]
[WhiteFideId "9000720"]
[White "Aithmidou Mohamed-Mehdi"]
[BlackFideId "8604436"]
[Black "Li Chao b"]
[Result "1-0"]
[LiveChessVersion "1.4.8"]
[BlackElo "2708"]
[WhiteElo "2244"]

1. e4 {[%clk 1:30:51]} c5 {[%clk 1:30:31]} 2. d3 {[%clk 1:30:52]} e6
{[%clk 1:30:06]} 3. f4 {[%clk 1:26:14]} d5 {[%clk 1:30:15]} 4. Be2
{[%clk 1:24:15]} dxe4 {[%clk 1:21:49]} 5. dxe4 {[%clk 1:24:38]} Qxd1+
{[%clk 1:22:13]} 6. Bxd1 {[%clk 1:18:12]} Bd7 {[%clk 1:22:31]} 7. Be3
{[%clk 1:17:41]} Bc6 {[%clk 1:22:43]} 8. Nd2 {[%clk 1:17:29]} Nd7
{[%clk 1:19:04]} 9. Bf3 {[%clk 1:15:41]} O-O-O {[%clk 1:17:11]} 10. O-O-O
{[%clk 1:07:42]} h5 {[%clk 1:13:20]} 11. e5 {[%clk 0:56:22]} Ne7 {[%clk 1:11:26]}
12. Bxc6 {[%clk 0:47:31]} Nxc6 {[%clk 1:11:46]} 13. Ne4 {[%clk 0:47:35]} f6
{[%clk 1:09:06]} 14. exf6 {[%clk 0:38:53]} Nxf6 {[%clk 1:03:50]} 15. Rxd8+
{[%clk 0:36:13]} Nxd8 {[%clk 1:02:30]} 16. Nxf6 {[%clk 0:28:08]} gxf6
{[%clk 1:02:52]} 17. Nf3 {[%clk 0:26:57]} h4 {[%clk 0:59:19]} 18. Kd1
{[%clk 0:21:49]} Bd6 {[%clk 0:58:05]} 19. Nd2 {[%clk 0:20:11]} b6
{[%clk 0:57:21]} 20. Ne4 {[%clk 0:18:55]} Be7 {[%clk 0:57:44]} 21. Ke2
{[%clk 0:13:02]} Nf7 {[%clk 0:57:51]} 22. a4 {[%clk 0:12:23]} Rg8
{[%clk 0:55:15]} 23. Kf2 {[%clk 0:10:59]} f5 {[%clk 0:53:10]} 24. Nd2
{[%clk 0:11:26]} Nd6 {[%clk 0:51:50]} 25. a5 {[%clk 0:10:22]} Bf6
{[%clk 0:49:59]} 26. axb6 {[%clk 0:09:52]} axb6 {[%clk 0:50:23]} 27. c3
{[%clk 0:09:53]} e5 {[%clk 0:48:49]} 28. fxe5 {[%clk 0:09:35]} Bxe5
{[%clk 0:49:12]} 29. Kf3 {[%clk 0:09:34]} Nf7 {[%clk 0:44:57]} 30. Ra1
{[%clk 0:03:10]} Bb8 {[%clk 0:39:44]} 31. Bg1 {[%clk 0:02:26]} Ne5+
{[%clk 0:30:40]} 32. Kf2 {[%clk 0:02:38]} Nd3+ {[%clk 0:31:01]} 33. Kf3
{[%clk 0:02:48]} Ne5+ {[%clk 0:27:55]} 34. Kf2 {[%clk 0:02:54]} Kb7
{[%clk 0:28:20]} 35. Kf1 {[%clk 0:01:29]} h3 {[%clk 0:19:17]} 36. gxh3
{[%clk 0:01:04]} Nd3 {[%clk 0:19:46]} 37. Nf3 {[%clk 0:01:12]} Bf4
{[%clk 0:18:13]} 38. b3 {[%clk 0:01:18]} Nc1 {[%clk 0:18:06]} 39. b4
{[%clk 0:00:48]} c4 {[%clk 0:11:39]} 40. b5 {[%clk 0:30:40]} Nd3 {[%clk 0:37:45]}
41. Ra6 {[%clk 0:25:59]} Bc7 {[%clk 0:35:31]} 42. Ra4 {[%clk 0:24:02]} Nf4
{[%clk 0:35:57]} 43. h4 {[%clk 0:23:47]} Rd8 {[%clk 0:35:48]} 44. Bd4
{[%clk 0:21:44]} Nh5 {[%clk 0:30:10]} 45. Rxc4 {[%clk 0:19:11]} Ra8
{[%clk 0:30:35]} 46. Rc6 {[%clk 0:18:47]} Ra1+ {[%clk 0:28:54]} 47. Kf2
{[%clk 0:19:06]} Ra2+ {[%clk 0:27:41]} 48. Ke3 {[%clk 0:19:24]} Ra5
{[%clk 0:27:10]} 49. c4 {[%clk 0:18:03]} Ra3+ {[%clk 0:25:45]} 50. Kf2
{[%clk 0:18:24]} Ra2+ {[%clk 0:26:10]} 51. Kf1 {[%clk 0:18:38]} Ra3
{[%clk 0:26:22]} 52. Ng5 {[%clk 0:15:20]} Ra2 {[%clk 0:23:39]} 53. Ne6
{[%clk 0:14:47]} Bxh2 {[%clk 0:24:01]} 54. Rxb6+ {[%clk 0:15:10]} Kc8
{[%clk 0:24:29]} 55. Rc6+ {[%clk 0:13:41]} Kd7 {[%clk 0:24:54]} 56. Bf2
{[%clk 0:09:32]} f4 {[%clk 0:18:49]} 57. Kg2 {[%clk 0:07:22]} Bg3
{[%clk 0:17:11]} 58. Nc5+ {[%clk 0:07:50]} Ke7 {[%clk 0:16:32]} 59. Ne4
{[%clk 0:08:12]} Bxh4 {[%clk 0:15:09]} 60. Kf3 {[%clk 0:07:57]} Bxf2
{[%clk 0:12:12]} 61. Nxf2 {[%clk 0:08:18]} Ng7 {[%clk 0:10:01]} 62. Rc7+
{[%clk 0:07:08]} Kf6 {[%clk 0:10:27]} 63. Ne4+ {[%clk 0:05:24]} Ke5
{[%clk 0:10:07]} 64. Re7+ {[%clk 0:03:14]} Kf5 {[%clk 0:10:21]} 65. Nd6+
{[%clk 0:03:15]} Kf6 {[%clk 0:10:49]} 66. Rf7+ {[%clk 0:01:18]} Ke5
{[%clk 0:11:14]} 67. Rxg7 {[%clk 0:00:37]} Ra3+ {[%clk 0:11:35]} 68. Kf2
{[%clk 0:00:54]} Kxd6 {[%clk 0:11:53]} 69. Rg6+ {[%clk 0:01:15]} Kc5
{[%clk 0:08:49]} 70. Rc6+ {[%clk 0:01:29]} Kd4 {[%clk 0:09:16]} 71. b6
{[%clk 0:00:59]} Ke4 {[%clk 0:09:30]} 72. c5 {[%clk 0:00:46]} Ra2+
{[%clk 0:09:37]} 73. Kg1 {[%clk 0:01:06]} Rb2 {[%clk 0:08:09]} 74. Rc7
{[%clk 0:01:16]} Rb1+ {[%clk 0:06:36]} 75. Kf2 {[%clk 0:01:45]} Rb2+
{[%clk 0:07:00]} 76. Kg1 {[%clk 0:01:05]} Rb1+ {[%clk 0:07:26]} 77. Kh2
{[%clk 0:00:52]} f3 {[%clk 0:07:43]} 78. Kg3 {[%clk 0:00:52]} Ke3
{[%clk 0:07:47]} 79. Rf7 {[%clk 0:00:33]} Kd4 {[%clk 0:05:10]} 80. Rf5
{[%clk 0:00:47]} Ke4 {[%clk 0:05:31]} 81. Rf8 {[%clk 0:00:31]} Kd5
{[%clk 0:04:02]} 82. Rc8 {[%clk 0:00:58]} Rb3 {[%clk 0:02:22]} 83. Rc7
{[%clk 0:01:26]} Ke4 {[%clk 0:02:29]} 84. b7 {[%clk 0:01:47]} Rb2
{[%clk 0:02:15]} 85. c6 {[%clk 0:01:44]} Rg2+ {[%clk 0:01:48]} 86. Kh3
{[%clk 0:02:08]} Rg8 {[%clk 0:01:59]} 87. Rf7 {[%clk 0:01:50]} 1-0

[Event "World Chess Olympiad 2018"]
[Site "Batumi"]
[Date "2018.09.24"]
[Round "1"]
[Board "1"]
[WhiteFideId "5007003"]
[White "Harikrishna Pentala"]
[BlackFideId "6702309"]
[Black "Giron Jorge Ernesto"]
[Result "1-0"]
[LiveChessVersion "1.4.8"]
[BlackElo "2303"]
[WhiteElo "2743"]

1. e4 {[%clk 1:30:51]} e6 {[%clk 1:30:10]} 2. d4 {[%clk 1:31:04]} d5
{[%clk 1:30:32]} 3. Nc3 {[%clk 1:30:58]} a6 {[%clk 1:29:57]} 4. Nf3
{[%clk 1:29:18]} Nf6 {[%clk 1:29:03]} 5. Bd3 {[%clk 1:24:48]} Be7
{[%clk 1:25:40]} 6. O-O {[%clk 1:23:00]} b5 {[%clk 1:22:33]} 7. exd5
{[%clk 1:20:56]} exd5 {[%clk 1:21:53]} 8. Re1 {[%clk 1:20:17]} O-O
{[%clk 1:22:04]} 9. Bg5 {[%clk 1:18:09]} Bg4 {[%clk 1:10:09]} 10. h3
{[%clk 1:11:32]} Bh5 {[%clk 1:09:40]} 11. Bxf6 {[%clk 1:07:34]} Bxf6
{[%clk 1:09:40]} 12. Nxd5 {[%clk 1:07:47]} Qxd5 {[%clk 1:07:34]} 13. Be4
{[%clk 1:08:01]} Qd6 {[%clk 0:57:53]} 14. Bxa8 {[%clk 1:08:19]} c6
{[%clk 0:57:44]} 15. d5 {[%clk 1:08:09]} c5 {[%clk 0:58:08]} 16. c3
{[%clk 1:07:57]} Nd7 {[%clk 0:54:44]} 17. Bc6 {[%clk 1:05:29]} Ne5
{[%clk 0:55:05]} 18. g4 {[%clk 1:05:08]} Bg6 {[%clk 0:55:30]} 19. Nxe5
{[%clk 1:04:09]} Bxe5 {[%clk 0:55:54]} 20. Qe2 {[%clk 1:03:17]} f6
{[%clk 0:54:08]} 21. Qf3 {[%clk 0:58:19]} Rb8 {[%clk 0:45:45]} 22. Re3
{[%clk 0:55:58]} b4 {[%clk 0:44:39]} 23. Qe2 {[%clk 0:54:40]} a5 {[%clk 0:42:05]}
24. Re1 {[%clk 0:52:09]} bxc3 {[%clk 0:39:40]} 25. bxc3 {[%clk 0:52:29]} Bh2+
{[%clk 0:39:59]} 26. Kg2 {[%clk 0:51:18]} Bf7 {[%clk 0:40:04]} 27. Re7
{[%clk 0:44:14]} Bf4 {[%clk 0:36:39]} 28. Rd7 {[%clk 0:41:25]} Qe5
{[%clk 0:27:09]} 29. Qxe5 {[%clk 0:41:28]} Bxe5 {[%clk 0:27:15]} 30. Ra7
{[%clk 0:39:48]} Bxc3 {[%clk 0:24:18]} 31. Ree7 {[%clk 0:39:48]} Bg6
{[%clk 0:24:27]} 32. d6 {[%clk 0:39:04]} Kf8 {[%clk 0:24:37]} 33. Bd5
{[%clk 0:38:02]} 1-0

[Event "World Chess Olympiad 2018"]
[Site "Batumi"]
[Date "2018.09.24"]
[Round "1"]
[Board "2"]
[WhiteFideId "6700098"]
[White "Chavez Ricardo Ernesto"]
[BlackFideId "5029465"]
[Black "Vidit Santosh Gujrathi"]
[Result "0-1"]
[LiveChessVersion "1.4.8"]
[BlackElo "2711"]
[WhiteElo "2244"]

1. e4 {[%clk 1:30:51]} c5 {[%clk 1:30:17]} 2. Nf3 {[%clk 1:31:11]} d6
{[%clk 1:30:19]} 3. d4 {[%clk 1:31:34]} cxd4 {[%clk 1:30:43]} 4. Nxd4
{[%clk 1:31:58]} Nf6 {[%clk 1:31:05]} 5. Nc3 {[%clk 1:32:22]} a6 {[%clk 1:31:25]}
6. Bg5 {[%clk 1:31:08]} e6 {[%clk 1:29:09]} 7. f4 {[%clk 1:31:24]} Qc7
{[%clk 1:26:52]} 8. Qf3 {[%clk 1:31:20]} b5 {[%clk 1:21:47]} 9. O-O-O
{[%clk 1:28:14]} b4 {[%clk 1:12:43]} 10. Nd5 {[%clk 1:24:42]} exd5
{[%clk 1:12:47]} 11. Bxf6 {[%clk 1:24:50]} gxf6 {[%clk 1:12:58]} 12. exd5
{[%clk 1:25:13]} Kd8 {[%clk 1:02:03]} 13. Bd3 {[%clk 1:21:23]} Qc5
{[%clk 0:56:28]} 14. Nb3 {[%clk 1:08:37]} Qb6 {[%clk 0:56:42]} 15. Rhe1
{[%clk 1:08:30]} Ra7 {[%clk 0:53:04]} 16. Qh5 {[%clk 1:03:26]} Qf2
{[%clk 0:39:29]} 17. Re4 {[%clk 0:58:38]} Re7 {[%clk 0:35:15]} 18. Rxb4
{[%clk 0:41:38]} Nd7 {[%clk 0:35:34]} 19. Na5 {[%clk 0:36:29]} Re1
{[%clk 0:35:28]} 20. Nc6+ {[%clk 0:36:25]} Kc7 {[%clk 0:33:58]} 21. Rc4
{[%clk 0:34:21]} Nb6 {[%clk 0:18:41]} 22. Ne5+ {[%clk 0:10:35]} Nxc4
{[%clk 0:15:47]} 23. Qxf7+ {[%clk 0:10:44]} Kb8 {[%clk 0:16:09]} 0-1

[Event "World Chess Olympiad 2018"]
[Site "Batumi"]
[Date "2018.09.24"]
[Round "1"]
[Board "3"]
[WhiteFideId "5018471"]
[White "Adhiban B."]
[BlackFideId "6700640"]
[Black "Arias Daniel"]
[Result "1-0"]
[LiveChessVersion "1.4.8"]
[BlackElo "2274"]
[WhiteElo "2668"]

1. e4 {[%clk 1:30:54]} c5 {[%clk 1:30:32]} 2. c3 {[%clk 1:31:21]} d5
{[%clk 1:28:10]} 3. exd5 {[%clk 1:31:48]} Qxd5 {[%clk 1:28:35]} 4. d4
{[%clk 1:32:14]} g6 {[%clk 1:26:06]} 5. Nf3 {[%clk 1:32:38]} Bg7 {[%clk 1:26:13]}
6. Nbd2 {[%clk 1:33:03]} cxd4 {[%clk 1:25:03]} 7. Bc4 {[%clk 1:33:28]} Qd8
{[%clk 1:23:48]} 8. Nxd4 {[%clk 1:33:51]} Nf6 {[%clk 1:23:04]} 9. O-O
{[%clk 1:34:13]} O-O {[%clk 1:23:27]} 10. N2f3 {[%clk 1:34:39]} a6
{[%clk 1:13:58]} 11. Re1 {[%clk 1:28:13]} Nbd7 {[%clk 1:09:54]} 12. Bf4
{[%clk 1:15:48]} Nb6 {[%clk 0:58:46]} 13. Bb3 {[%clk 1:15:50]} Nbd5
{[%clk 0:53:39]} 14. Be5 {[%clk 1:15:30]} Re8 {[%clk 0:52:05]} 15. Qe2
{[%clk 1:12:38]} e6 {[%clk 0:27:34]} 16. Rad1 {[%clk 1:12:37]} Bd7
{[%clk 0:27:02]} 17. Nd2 {[%clk 1:02:46]} Nb6 {[%clk 0:19:22]} 18. Qf3
{[%clk 0:57:51]} Nfd5 {[%clk 0:12:03]} 19. Bxg7 {[%clk 0:52:16]} Kxg7
{[%clk 0:12:28]} 20. Ne4 {[%clk 0:44:37]} Qe7 {[%clk 0:09:39]} 21. c4
{[%clk 0:44:36]} Nf6 {[%clk 0:08:08]} 22. Qc3 {[%clk 0:35:46]} e5
{[%clk 0:06:36]} 23. Nd6 {[%clk 0:34:51]} exd4 {[%clk 0:01:30]} 24. Rxe7
{[%clk 0:35:05]} dxc3 {[%clk 0:01:13]} 25. Rxf7+ {[%clk 0:35:27]} Kh8
{[%clk 0:01:38]} 26. Rxf6 {[%clk 0:35:45]} Re6 {[%clk 0:01:34]} 27. Rxe6
{[%clk 0:34:43]} Bxe6 {[%clk 0:01:58]} 28. bxc3 {[%clk 0:35:10]} Bg8
{[%clk 0:00:51]} 29. c5 {[%clk 0:35:01]} Nd7 {[%clk 0:00:56]} 30. Nxb7
{[%clk 0:34:46]} 1-0

[Event "World Chess Olympiad 2018"]
[Site "Batumi"]
[Date "2018.09.24"]
[Round "1"]
[Board "4"]
[WhiteFideId "6700187"]
[White "Burgos Figueroa Carlos E."]
[BlackFideId "5004985"]
[Black "Sasikiran Krishnan"]
[Result "1/2-1/2"]
[LiveChessVersion "1.4.8"]
[BlackElo "2672"]
[WhiteElo "2222"]

1. c4 {[%clk 1:30:50]} e5 {[%clk 1:30:00]} 2. Nc3 {[%clk 1:31:12]} Nc6
{[%clk 1:29:19]} 3. g3 {[%clk 1:30:12]} f5 {[%clk 1:27:30]} 4. Bg2
{[%clk 1:28:46]} Nf6 {[%clk 1:25:58]} 5. d3 {[%clk 1:23:43]} Bb4 {[%clk 1:24:21]}
6. Bd2 {[%clk 1:16:57]} O-O {[%clk 1:21:44]} 7. a3 {[%clk 1:16:58]} Bxc3
{[%clk 1:15:52]} 8. Bxc3 {[%clk 1:17:12]} d6 {[%clk 1:10:36]} 9. d4
{[%clk 1:08:37]} e4 {[%clk 1:04:01]} 10. e3 {[%clk 1:03:26]} d5 {[%clk 1:02:21]}
11. cxd5 {[%clk 1:01:12]} Nxd5 {[%clk 0:59:52]} 12. Ne2 {[%clk 1:01:21]} Be6
{[%clk 0:55:46]} 13. Nf4 {[%clk 0:59:56]} Nxf4 {[%clk 0:47:52]} 14. gxf4
{[%clk 1:00:10]} Ne7 {[%clk 0:44:13]} 15. Rg1 {[%clk 0:56:37]} Nd5
{[%clk 0:39:27]} 16. Bf1 {[%clk 0:48:39]} Rf6 {[%clk 0:37:14]} 17. Rc1
{[%clk 0:47:33]} Rh6 {[%clk 0:33:15]} 18. h3 {[%clk 0:46:13]} Rg6
{[%clk 0:29:29]} 19. Rxg6 {[%clk 0:36:29]} hxg6 {[%clk 0:29:54]} 20. Ba5
{[%clk 0:36:42]} Qe7 {[%clk 0:25:35]} 21. Qc2 {[%clk 0:33:52]} c6
{[%clk 0:15:21]} 22. Qc5 {[%clk 0:29:02]} Qxc5 {[%clk 0:12:04]} 23. dxc5
{[%clk 0:27:18]} Kf7 {[%clk 0:10:59]} 24. Bc3 {[%clk 0:26:58]} Rh8
{[%clk 0:07:36]} 25. Be5 {[%clk 0:27:06]} Rh5 {[%clk 0:07:00]} 26. b4
{[%clk 0:22:57]} a6 {[%clk 0:06:28]} 27. Kd2 {[%clk 0:22:19]} g5 {[%clk 0:04:50]}
28. fxg5 {[%clk 0:22:44]} Rxg5 {[%clk 0:04:51]} 29. Bg3 {[%clk 0:22:09]} Rh5
{[%clk 0:03:58]} 30. h4 {[%clk 0:21:47]} Rh8 {[%clk 0:03:52]} 31. Rb1
{[%clk 0:14:00]} Rd8 {[%clk 0:02:32]} 32. Bd6 {[%clk 0:11:47]} Rh8
{[%clk 0:02:39]} 33. Bg3 {[%clk 0:12:12]} Rd8 {[%clk 0:02:29]} 34. Bd6
{[%clk 0:12:37]} Ne7 {[%clk 0:02:48]} 35. Kc3 {[%clk 0:12:41]} Rh8
{[%clk 0:03:00]} 36. Bg3 {[%clk 0:12:05]} f4 {[%clk 0:01:58]} 37. exf4
{[%clk 0:11:57]} Rd8 {[%clk 0:01:43]} 38. Re1 {[%clk 0:10:04]} Nd5+
{[%clk 0:01:02]} 39. Kb2 {[%clk 0:10:33]} Nf6 {[%clk 0:01:02]} 40. Kc3
{[%clk 0:39:50]} Nd5+ {[%clk 0:31:04]} 41. Kb2 {[%clk 0:37:42]} Nf6
{[%clk 0:28:59]} 42. Kc3 {[%clk 0:38:07]} Bg4 {[%clk 0:22:21]} 43. Bc4+
{[%clk 0:35:10]} Kg6 {[%clk 0:22:03]} 44. Kb3 {[%clk 0:26:46]} Kf5
{[%clk 0:20:47]} 45. Ka4 {[%clk 0:23:27]} Rd4 {[%clk 0:16:12]} 46. Bf1
{[%clk 0:22:53]} Nd5 {[%clk 0:12:59]} 47. Ka5 {[%clk 0:23:10]} g6
{[%clk 0:11:29]} 48. Rc1 {[%clk 0:22:52]} Bf3 {[%clk 0:08:52]} 49. Bh3+
{[%clk 0:21:53]} Bg4 {[%clk 0:09:16]} 50. Bf1 {[%clk 0:22:18]} Bf3
{[%clk 0:07:14]} 51. Bh3+ {[%clk 0:22:42]} Bg4 {[%clk 0:07:39]} 52. Bf1
{[%clk 0:23:08]} 1/2-1/2

[Event "World Chess Olympiad 2018"]
[Site "Batumi"]
[Date "2018.09.24"]
[Round "1"]
[Board "1"]
[WhiteFideId "8700281"]
[White "Kayonde Andrew"]
[BlackFideId "14100010"]
[Black "Ivanchuk Vassily"]
[Result "1/2-1/2"]
[LiveChessVersion "1.4.8"]
[BlackElo "2710"]
[WhiteElo "2393"]

1. d4 {[%clk 1:30:01]} d5 {[%clk 1:30:56]} 2. c4 {[%clk 1:29:49]} e6
{[%clk 1:31:22]} 3. Nc3 {[%clk 1:30:02]} Be7 {[%clk 1:31:48]} 4. cxd5
{[%clk 1:29:10]} exd5 {[%clk 1:32:14]} 5. Bf4 {[%clk 1:29:31]} c6
{[%clk 1:32:41]} 6. e3 {[%clk 1:29:44]} Bf5 {[%clk 1:33:06]} 7. g4
{[%clk 1:29:47]} Be6 {[%clk 1:33:32]} 8. Bd3 {[%clk 1:23:23]} Nd7
{[%clk 1:33:25]} 9. h3 {[%clk 1:22:24]} h5 {[%clk 1:33:24]} 10. gxh5
{[%clk 1:05:52]} Ndf6 {[%clk 1:32:16]} 11. Be2 {[%clk 1:05:42]} Nh6
{[%clk 1:28:46]} 12. a3 {[%clk 1:04:59]} Nf5 {[%clk 1:27:50]} 13. Bg4
{[%clk 1:01:16]} Nd6 {[%clk 1:26:35]} 14. Bxe6 {[%clk 1:00:21]} fxe6
{[%clk 1:27:03]} 15. h6 {[%clk 0:57:48]} gxh6 {[%clk 1:27:27]} 16. Nf3
{[%clk 0:58:01]} Nf5 {[%clk 1:26:50]} 17. Qb3 {[%clk 0:54:48]} Qb6
{[%clk 1:27:14]} 18. Qxb6 {[%clk 0:54:52]} axb6 {[%clk 1:27:39]} 19. Ke2
{[%clk 0:54:46]} Nd7 {[%clk 1:24:46]} 20. Rhg1 {[%clk 0:40:09]} Kf7
{[%clk 1:24:54]} 21. Rg4 {[%clk 0:37:33]} h5 {[%clk 1:21:48]} 22. Ng5+
{[%clk 0:36:26]} Bxg5 {[%clk 1:13:52]} 23. Rxg5 {[%clk 0:36:42]} Rag8
{[%clk 1:14:20]} 24. Rag1 {[%clk 0:34:54]} Rxg5 {[%clk 1:14:44]} 25. Rxg5
{[%clk 0:35:19]} Rg8 {[%clk 1:15:12]} 26. Rxh5 {[%clk 0:31:00]} Nf6
{[%clk 1:15:38]} 27. Rg5 {[%clk 0:31:21]} Rh8 {[%clk 1:16:06]} 28. Be5
{[%clk 0:28:22]} Rxh3 {[%clk 1:16:31]} 29. Bxf6 {[%clk 0:28:41]} Kxf6
{[%clk 1:16:56]} 30. Rg8 {[%clk 0:29:01]} Rh1 {[%clk 1:15:53]} 31. Na4
{[%clk 0:27:24]} Rb1 {[%clk 1:12:19]} 32. b4 {[%clk 0:27:07]} Ra1
{[%clk 1:12:45]} 33. Nxb6 {[%clk 0:26:50]} Ra2+ {[%clk 1:12:39]} 34. Kf3
{[%clk 0:11:51]} Rxa3 {[%clk 1:12:55]} 35. Rb8 {[%clk 0:12:06]} Nxd4+
{[%clk 1:08:26]} 36. Kg4 {[%clk 0:10:41]} Nb5 {[%clk 1:08:51]} 37. Rxb7
{[%clk 0:10:51]} Ra7 {[%clk 1:09:02]} 38. Nd7+ {[%clk 0:05:46]} Ke7
{[%clk 1:09:31]} 39. Rxa7 {[%clk 0:06:05]} Nxa7 {[%clk 1:09:55]} 40. Nc5
{[%clk 0:36:29]} Nb5 {[%clk 1:38:54]} 41. Kf4 {[%clk 0:35:14]} Na3
{[%clk 1:38:24]} 42. Nd3 {[%clk 0:30:57]} Kd6 {[%clk 1:37:19]} 43. e4
{[%clk 0:30:42]} dxe4 {[%clk 1:37:07]} 1/2-1/2

[Event "World Chess Olympiad 2018"]
[Site "Batumi"]
[Date "2018.09.24"]
[Round "1"]
[Board "2"]
[WhiteFideId "14109182"]
[White "Kryvoruchko Yuriy"]
[BlackFideId "8700680"]
[Black "Munenga Douglas D"]
[Result "1-0"]
[LiveChessVersion "1.4.8"]
[BlackElo "2273"]
[WhiteElo "2695"]

1. e4 {[%clk 1:30:51]} e5 {[%clk 1:26:44]} 2. Nf3 {[%clk 1:31:16]} Nc6
{[%clk 1:27:06]} 3. Bc4 {[%clk 1:28:26]} Nf6 {[%clk 1:24:47]} 4. d3
{[%clk 1:28:24]} Bc5 {[%clk 1:23:54]} 5. c3 {[%clk 1:28:09]} d6 {[%clk 1:23:33]}
6. a4 {[%clk 1:27:12]} a6 {[%clk 1:21:50]} 7. Bg5 {[%clk 1:27:07]} Ba7
{[%clk 1:19:14]} 8. Nbd2 {[%clk 1:27:14]} Qe7 {[%clk 1:11:04]} 9. O-O
{[%clk 1:23:28]} h6 {[%clk 1:06:07]} 10. Bh4 {[%clk 1:22:24]} g5 {[%clk 0:59:36]}
11. Bg3 {[%clk 1:22:50]} Bg4 {[%clk 0:59:22]} 12. b4 {[%clk 1:13:42]} Nh5
{[%clk 0:53:37]} 13. Kh1 {[%clk 1:13:42]} Nf4 {[%clk 0:53:35]} 14. b5
{[%clk 1:04:45]} Nd8 {[%clk 0:52:08]} 15. bxa6 {[%clk 1:03:31]} bxa6
{[%clk 0:52:35]} 16. Bxa6 {[%clk 1:00:06]} Ng6 {[%clk 0:51:54]} 17. h3
{[%clk 0:52:15]} Bd7 {[%clk 0:50:47]} 18. d4 {[%clk 0:45:56]} exd4
{[%clk 0:50:02]} 19. Nc4 {[%clk 0:41:52]} h5 {[%clk 0:46:26]} 20. Bb5
{[%clk 0:40:38]} Ne6 {[%clk 0:34:53]} 21. Nxd4 {[%clk 0:39:05]} Nxd4
{[%clk 0:34:58]} 22. cxd4 {[%clk 0:39:27]} g4 {[%clk 0:33:45]} 23. Qd3
{[%clk 0:37:22]} gxh3 {[%clk 0:33:45]} 24. gxh3 {[%clk 0:33:13]} O-O
{[%clk 0:28:06]} 25. Bxd7 {[%clk 0:29:45]} Qxd7 {[%clk 0:28:29]} 26. Bh2
{[%clk 0:30:12]} Rab8 {[%clk 0:24:58]} 27. f4 {[%clk 0:26:20]} d5
{[%clk 0:17:24]} 28. Ne5 {[%clk 0:26:45]} dxe4 {[%clk 0:07:48]} 29. Nxd7
{[%clk 0:27:02]} exd3 {[%clk 0:08:12]} 30. f5 {[%clk 0:25:10]} Ne7
{[%clk 0:07:53]} 31. Rg1+ {[%clk 0:20:00]} Kh7 {[%clk 0:06:17]} 32. Nf6+
{[%clk 0:20:12]} Kh8 {[%clk 0:05:39]} 33. Be5 {[%clk 0:20:36]} Nc6
{[%clk 0:04:25]} 34. Rg5 {[%clk 0:18:35]} Nxe5 {[%clk 0:03:35]} 35. Rag1
{[%clk 0:18:39]} 1-0

[Event "World Chess Olympiad 2018"]
[Site "Batumi"]
[Date "2018.09.24"]
[Round "1"]
[Board "3"]
[WhiteFideId "8700389"]
[White "Simutowe Musatwe"]
[BlackFideId "14103320"]
[Black "Ponomariov Ruslan"]
[Result "0-1"]
[LiveChessVersion "1.4.8"]
[BlackElo "2681"]
[WhiteElo "2208"]

1. e4 {[%clk 1:30:53]} c5 {[%clk 1:29:53]} 2. Nf3 {[%clk 1:30:46]} e6
{[%clk 1:29:38]} 3. d4 {[%clk 1:30:36]} cxd4 {[%clk 1:29:52]} 4. Nxd4
{[%clk 1:30:51]} Nf6 {[%clk 1:29:51]} 5. Bd3 {[%clk 1:27:37]} Nc6
{[%clk 1:27:57]} 6. Nxc6 {[%clk 1:25:45]} bxc6 {[%clk 1:27:58]} 7. O-O
{[%clk 1:22:30]} d5 {[%clk 1:27:36]} 8. e5 {[%clk 1:14:47]} Nd7 {[%clk 1:27:57]}
9. Re1 {[%clk 1:15:08]} Qb6 {[%clk 1:20:51]} 10. Nd2 {[%clk 1:05:46]} a5
{[%clk 1:17:55]} 11. Nf3 {[%clk 0:54:49]} Ba6 {[%clk 1:17:50]} 12. Rb1
{[%clk 0:52:24]} Bxd3 {[%clk 1:12:46]} 13. cxd3 {[%clk 0:52:35]} a4
{[%clk 1:03:34]} 14. Qc2 {[%clk 0:47:58]} c5 {[%clk 0:57:05]} 15. Bg5
{[%clk 0:40:16]} h6 {[%clk 0:56:57]} 16. Be3 {[%clk 0:32:52]} Be7
{[%clk 0:55:09]} 17. b4 {[%clk 0:32:35]} axb3 {[%clk 0:55:24]} 18. Rxb3
{[%clk 0:32:57]} Qa6 {[%clk 0:54:52]} 19. Rb2 {[%clk 0:28:07]} O-O
{[%clk 0:53:09]} 20. Reb1 {[%clk 0:28:27]} Ra7 {[%clk 0:48:58]} 21. h3
{[%clk 0:28:27]} Rfa8 {[%clk 0:47:47]} 22. d4 {[%clk 0:22:25]} c4
{[%clk 0:46:03]} 23. Kh1 {[%clk 0:21:06]} Qa4 {[%clk 0:42:06]} 24. Qe2
{[%clk 0:18:01]} Qc6 {[%clk 0:40:13]} 25. Ne1 {[%clk 0:15:56]} Ba3
{[%clk 0:38:04]} 26. Rb5 {[%clk 0:12:19]} Bf8 {[%clk 0:34:53]} 27. R5b2
{[%clk 0:12:32]} Ra3 {[%clk 0:35:03]} 28. Nc2 {[%clk 0:09:34]} Rxa2
{[%clk 0:32:55]} 29. Qg4 {[%clk 0:07:00]} Rxb2 {[%clk 0:28:36]} 30. Rxb2
{[%clk 0:07:24]} g6 {[%clk 0:19:32]} 31. h4 {[%clk 0:05:56]} h5 {[%clk 0:16:44]}
32. Qd1 {[%clk 0:04:54]} Be7 {[%clk 0:14:50]} 33. Bg5 {[%clk 0:02:09]} Bxg5
{[%clk 0:14:32]} 34. hxg5 {[%clk 0:02:35]} Rb8 {[%clk 0:10:58]} 35. Rxb8+
{[%clk 0:01:38]} Nxb8 {[%clk 0:11:27]} 36. Qb1 {[%clk 0:00:51]} Nd7
{[%clk 0:11:32]} 37. Kh2 {[%clk 0:00:36]} Qb6 {[%clk 0:10:55]} 38. Qxb6
{[%clk 0:00:33]} Nxb6 {[%clk 0:11:24]} 39. Kg3 {[%clk 0:00:54]} Nc8
{[%clk 0:08:57]} 40. Kf3 {[%clk 0:30:59]} Ne7 {[%clk 0:37:57]} 41. Ke2
{[%clk 0:27:53]} Nf5 {[%clk 0:38:12]} 42. Kd2 {[%clk 0:28:10]} Kf8
{[%clk 0:38:38]} 43. Kc3 {[%clk 0:28:26]} Ke7 {[%clk 0:38:36]} 44. Ne1
{[%clk 0:28:24]} Kd7 {[%clk 0:38:41]} 45. Nc2 {[%clk 0:24:00]} Kc6
{[%clk 0:38:59]} 46. Kb4 {[%clk 0:24:23]} Kb6 {[%clk 0:39:02]} 47. Ka4
{[%clk 0:24:41]} Ne7 {[%clk 0:39:01]} 48. Kb4 {[%clk 0:15:26]} Nc6+
{[%clk 0:39:21]} 49. Kc3 {[%clk 0:14:16]} Na7 {[%clk 0:39:03]} 50. Kb4
{[%clk 0:02:43]} Nb5 {[%clk 0:39:26]} 51. g3 {[%clk 0:02:54]} Kc6
{[%clk 0:39:37]} 52. f3 {[%clk 0:02:09]} Kb6 {[%clk 0:39:52]} 53. Ka4
{[%clk 0:00:35]} Nc3+ {[%clk 0:40:11]} 54. Kb4 {[%clk 0:00:45]} Ne2
{[%clk 0:40:36]} 0-1